000
00197 a2200097 4500
001
4309
100
_a
Davidge,H.T
245
_a
Technical electricity
260
_a
_b
U.T.P
_c
090
_c
3525
_d
3525
942
_a
NUST-CAE
_c
M
_c
28058
999
_c
239382
_d
239382